Leonora Investment Company Ltd v Mott McDonald [2008] EWCA Civ 857 (Record no. 80875)

MARC details
000 -LEADER
fixed length control field 01225cab a22002055a 4500
001 - CONTROL NUMBER
control field L145561
008 - FIXED-LENGTH DATA ELEMENTS--GENERAL INFORMATION
fixed length control field 081021s2008 xxk f v 000 0 eng d
035 ## - SYSTEM CONTROL NUMBER
System control number (Sirsi) u145561
041 0# - LANGUAGE CODE
Language code of text/sound track or separate title eng
110 2# - MAIN ENTRY--CORPORATE NAME
Corporate name or jurisdiction name as entry element Commercial Leases
9 (RLIN) 5493
245 00 - TITLE STATEMENT
Title Leonora Investment Company Ltd v Mott McDonald [2008] EWCA Civ 857
260 ## - PUBLICATION, DISTRIBUTION, ETC.
Date of publication, distribution, etc. 2008
490 #0 - SERIES STATEMENT
Series statement Commercial Leases
Volume/sequential designation September 2008, 1372-1373(2)
520 ## - SUMMARY, ETC.
Summary, etc. Discusses the important case of Leonora Investment Company Ltd v Mott McDonald [2008] EWCA Civ 857, 23 July 2008, in some detail (see L145457). The case turned on whether a commercial landlord could claim the cost of improvement works as a service charge where there had been a failure to comply with the procedure set out in the service charge clause in the lease. The appeal was dismissed. The case is a timely reminder to landlords that they must follow all procedural requirements strictly in recovering service charges in the lease, otherwise recovery may not be possible.
590 ## - LOCAL NOTE (RLIN)
Local note KA
650 24 - SUBJECT ADDED ENTRY--TOPICAL TERM
Topical term or geographic name entry element LEONORA V MOTT MACDONALD
651 #4 - SUBJECT ADDED ENTRY--GEOGRAPHIC NAME
Geographic name England and Wales
Chronological subdivision 1543-
690 ## - LOCAL SUBJECT ADDED ENTRY--TOPICAL TERM (OCLC, RLIN)
Topical term or geographic name as entry element PROPERTY-COMMERCIAL PROPERTY-LEASEHOLD COMMERCIAL PROPERTY-COMMERCIAL LANDLORD AND TENANT-COMMERCIAL LEASES
942 ## - ADDED ENTRY ELEMENTS (KOHA)
Suppress in OPAC 0
Holdings
Withdrawn status Lost status Source of classification or shelving scheme Damaged status Not for loan Home library Current library Shelving location Date acquired Total Checkouts Full call number Barcode Date last seen Copy number Price effective from Koha item type
    Dewey Decimal Classification     London London Journal article 21/10/2008   L145561 145561-1001 06/08/2019 1 06/08/2019 Journal article